[Event "7th European Individual Senior Champion."]
[Site "Hockenheim, Germany"]
[Date "2007.06.07"]
[Round "6.79"]
[White "Luebbers, Doris Dr"]
[Black "Schuller, Erhard"]
[Result "1/2-1/2"]
[WhiteElo "1668"]
[BlackElo "1791"]
[PlyCount "59"]
[EventDate "2007.??.??"]

1. d4 Nf6 2. Bf4 e6 3. e3 g6 4. h3 Bg7 5. Nd2 d5 6. Ngf3 O-O 7. c3 b6 8. Bd3
Re8 9. Ne5 Bb7 10. O-O Nfd7 11. Nxd7 Nxd7 12. Re1 a6 13. a4 c5 14. b3 Qf6 15.
Rc1 e5 16. dxe5 Nxe5 17. Bxe5 Qxe5 18. Nf3 Qc7 19. Bf1 Rad8 20. g3 Qd7 21. Bg2
b5 22. axb5 Qxb5 23. Qc2 Qb6 24. Qb1 d4 25. cxd4 cxd4 26. exd4 Rxe1+ 27. Rxe1
Bxf3 28. Bxf3 Bxd4 29. Re2 Qc7 30. Kg2 1/2-1/2

[Event "7th European Individual Senior Champion."]
[Site "Hockenheim, Germany"]
[Date "2007.06.08"]
[Round "7.1"]
[White "Farago, Ivan"]
[Black "Murey, Jacob"]
[Result "0-1"]
[WhiteElo "2501"]
[BlackElo "2433"]
[PlyCount "102"]
[EventDate "2007.??.??"]

1. d4 f5 2. g3 Nf6 3. Bg2 g6 4. c4 Bg7 5. Nc3 O-O 6. Nf3 c6 7. O-O d6 8. d5 e5
9. dxe6 Bxe6 10. b3 Na6 11. Ba3 Qa5 12. Qc1 Ne4 13. Nxe4 fxe4 14. Ng5 Bg4 15.
Rb1 e3 16. f3 Bf5 17. b4 Qd8 18. Qxe3 Bxb1 19. Rxb1 Re8 20. Qd2 Qb6+ 21. Kf1
Rad8 22. Bh3 Nc7 23. Qf4 Re7 24. Ne4 Rf8 25. Qh4 Re5 26. Rb3 Rh5 27. Qg4 Qd4
28. Nf2 Qa1+ 29. Kg2 Qxa2 30. Re3 Re5 31. Bc1 Rxe3 32. Bxe3 Qxe2 33. Bxa7 d5
34. cxd5 Nxd5 35. Qe6+ Qxe6 36. Bxe6+ Kh8 37. Ne4 Re8 38. Bd7 Re7 39. Bh3 b6
40. Bb8 Be5 41. Nd6 Kg7 42. f4 Bc3 43. b5 cxb5 44. Nxb5 Bf6 45. Kf2 Nc3 46. Nd6
Bd4+ 47. Kf1 b5 48. Bg2 b4 49. Nc4 Re2 50. Bd6 Rf2+ 51. Kg1 Rc2+ 0-1

[Event "7th European Individual Senior Champion."]
[Site "Hockenheim, Germany"]
[Date "2007.06.08"]
[Round "7.3"]
[White "Jansa, Vlastimil"]
[Black "Klovans, Janis"]
[Result "0-1"]
[WhiteElo "2499"]
[BlackElo "2441"]
[PlyCount "105"]
[EventDate "2007.??.??"]

1. e4 e5 2. Nf3 Nc6 3. Bb5 a6 4. Ba4 Nf6 5. O-O Be7 6. Re1 b5 7. Bb3 d6 8. c3
O-O 9. h3 Na5 10. Bc2 c5 11. d4 Qc7 12. Nbd2 cxd4 13. cxd4 Rd8 14. b3 Nc6 15.
Bb2 Bb7 16. Rc1 Qb6 17. Qe2 exd4 18. Nxd4 Nxd4 19. Qe3 Nf3+ 20. Qxf3 Rac8 21.
Qd3 g6 22. Bd4 Qc6 23. Qf1 Qd7 24. a4 d5 25. axb5 axb5 26. e5 Ne4 27. Nb1 Nc5
28. f4 Ne6 29. Bb6 Bc5+ 30. Bxc5 Rxc5 31. Bd3 Rxc1 32. Rxc1 Rc8 33. Re1 Nd4 34.
Nd2 Rc3 35. b4 Qe7 36. Rb1 Qh4 37. Bxb5 Ne6 38. Rb3 d4 39. Qf2 Qxf4 40. Bf1
Qxe5 41. Nc4 Qg5 42. Nd6 Nf4 43. Rxc3 dxc3 44. Qe3 c2 45. h4 Nh3+ 46. Qxh3 Qd2
47. Qd7 Qd4+ 48. Kh1 Qxh4+ 49. Kg1 Qd4+ 50. Kh1 Qf4 51. Qd8+ Kg7 52. Ne8+ Kh6
53. Qd3 0-1

[Event "7th European Individual Senior Champion."]
[Site "Hockenheim, Germany"]
[Date "2007.06.08"]
[Round "7.4"]
[White "Khanukov, Boris"]
[Black "Rashkovsky, Nukhim N"]
[Result "0-1"]
[WhiteElo "2358"]
[BlackElo "2496"]
[PlyCount "93"]
[EventDate "2007.??.??"]

1. d4 Nf6 2. c4 e6 3. Nf3 Bb4+ 4. Bd2 a5 5. g3 d5 6. cxd5 exd5 7. Bg2 O-O 8.
O-O Bd6 9. Nc3 c6 10. Qc2 Re8 11. Nh4 Nbd7 12. Rfe1 Nf8 13. Rac1 Bg4 14. Nf5
Bb4 15. a3 Bxc3 16. Bxc3 Bxf5 17. Qxf5 Ne4 18. Qf3 Ne6 19. Qd3 f5 20. e3 Qd6
21. b4 axb4 22. Bxb4 Qd7 23. Rb1 g6 24. Rb2 h5 25. h4 Ra7 26. Reb1 Rea8 27. Rb3
Ra4 28. Qc2 b5 29. Rc1 R8a6 30. Bxe4 fxe4 31. f3 exf3 32. Qxg6+ Ng7 33. Qg5 Ra7
34. Rf1 Qg4 35. Rc3 R4a6 36. Bd6 Rf7 37. Bf4 Rf5 38. Qxg4 hxg4 39. Re1 Nh5 40.
Kf2 Nf6 41. Kf1 Ne4 42. Rd3 Rf7 43. Rb1 Rfa7 44. Rbb3 b4 45. Rxb4 Rxa3 46. Rd1
Ra1 47. Rbb1 0-1

[Event "7th European Individual Senior Champion."]
[Site "Hockenheim, Germany"]
[Date "2007.06.08"]
[Round "7.5"]
[White "Tseitlin, Mark D"]
[Black "Rotstein, Efim"]
[Result "1-0"]
[WhiteElo "2491"]
[BlackElo "2371"]
[PlyCount "71"]
[EventDate "2007.??.??"]

1. e4 c5 2. Nf3 e6 3. Nc3 a6 4. d4 cxd4 5. Nxd4 d6 6. a4 Nf6 7. Be2 Qc7 8. O-O
b6 9. f4 Bb7 10. Bf3 Nbd7 11. Kh1 Rc8 12. Qe1 Be7 13. e5 dxe5 14. fxe5 Bxf3 15.
Nxf3 Ng4 16. Qg3 h5 17. Bf4 g6 18. Ne4 Rd8 19. Bg5 Nc5 20. Nxc5 Qxc5 21. Bxe7
Qxe7 22. Qf4 Rd5 23. c4 Rc5 24. b4 Rc7 25. c5 bxc5 26. b5 Kf8 27. b6 Rd7 28.
Ng5 Nh6 29. Qf6 Qxf6 30. exf6 Ke8 31. Rab1 Kd8 32. Ne4 Kc8 33. Nxc5 Rd6 34.
Rfc1 Rc6 35. b7+ Kb8 36. Nd7+ 1-0

[Event "7th European Individual Senior Champion."]
[Site "Hockenheim, Germany"]
[Date "2007.06.08"]
[Round "7.6"]
[White "Stull, Norbert"]
[Black "Fradkin, Boris"]
[Result "0-1"]
[WhiteElo "2144"]
[BlackElo "2465"]
[PlyCount "92"]
[EventDate "2007.??.??"]

1. d4 Nf6 2. Nf3 e6 3. c4 Bb4+ 4. Bd2 Qe7 5. g3 Nc6 6. Bg2 Bxd2+ 7. Nbxd2 d6 8.
O-O O-O 9. e4 e5 10. d5 Nb8 11. Ne1 Nbd7 12. b4 a5 13. a3 c6 14. Nc2 cxd5 15.
cxd5 Nb6 16. Ne3 axb4 17. axb4 Bd7 18. Qb3 Bb5 19. Rfc1 Rxa1 20. Rxa1 Qd7 21.
Nf5 g6 22. Qe3 Qd8 23. Qg5 Nfxd5 24. Nh6+ Kg7 25. Nxf7 Kxf7 26. Qxd8 Rxd8 27.
exd5 Rc8 28. Ne4 Ke7 29. Ng5 h6 30. Ne6 Bc4 31. Rc1 Ra8 32. Nc7 Ra4 33. h4 Rxb4
34. Be4 g5 35. hxg5 hxg5 36. Ne6 g4 37. Ng7 Bxd5 38. Bxd5 Nxd5 39. Rc8 Kd7 40.
Rf8 Nc3 41. Rf7+ Kc6 42. Ne8 Ne4 43. Rg7 Rb1+ 44. Kg2 Rb2 45. Rxg4 Rxf2+ 46.
Kg1 Rf8 0-1

[Event "7th European Individual Senior Champion."]
[Site "Hockenheim, Germany"]
[Date "2007.06.08"]
[Round "7.7"]
[White "Gutman, Lev"]
[Black "Schippan, Bernd"]
[Result "1-0"]
[WhiteElo "2444"]
[BlackElo "2266"]
[PlyCount "65"]
[EventDate "2007.??.??"]

1. Nf3 Nf6 2. g3 g6 3. Bg2 Bg7 4. O-O O-O 5. d4 d6 6. c4 c5 7. b3 Nc6 8. Bb2
Bg4 9. d5 Na5 10. Bc3 a6 11. Qe1 b6 12. e4 Nd7 13. Nfd2 Nf6 14. f4 Bc8 15. e5
Ne8 16. Ne4 Rb8 17. Nbd2 b5 18. Nf3 Nb7 19. h3 Qb6 20. g4 a5 21. Qh4 b4 22. Bd2
Qd8 23. e6 fxe6 24. dxe6 Nf6 25. Nfg5 h6 26. Nf7 Rxf7 27. exf7+ Kxf7 28. Rae1
Kg8 29. Nxf6+ exf6 30. f5 g5 31. Qh5 Bd7 32. Bd5+ Kh8 33. Qf7 1-0

[Event "7th European Individual Senior Champion."]
[Site "Hockenheim, Germany"]
[Date "2007.06.08"]
[Round "7.8"]
[White "Donchenko, Anatoly G"]
[Black "Hvenekilde, Jorgen"]
[Result "1-0"]
[WhiteElo "2374"]
[BlackElo "2221"]
[PlyCount "67"]
[EventDate "2007.??.??"]

1. Nf3 g6 2. c4 Bg7 3. d4 Nf6 4. g3 O-O 5. Bg2 c5 6. O-O cxd4 7. Nxd4 Nc6 8.
Nc3 Nxd4 9. Qxd4 d6 10. Qd3 Bf5 11. e4 Bd7 12. h3 Qc7 13. Be3 Rac8 14. b3 Rfd8
15. Rac1 e6 16. Rfd1 Ne8 17. Bg5 f6 18. Be3 Bf8 19. a4 Qb8 20. h4 Ng7 21. Qd4
a6 22. Qxf6 b5 23. axb5 axb5 24. Nxb5 Bxb5 25. cxb5 Qxb5 26. Qb2 Rb8 27. Rc3
Rb7 28. Qc2 Ra8 29. Bf1 Qd7 30. Bc4 Ne8 31. Rcd3 Qf7 32. Qe2 Nf6 33. Bf4 Ne8
34. Qg4 1-0

[Event "7th European Individual Senior Champion."]
[Site "Hockenheim, Germany"]
[Date "2007.06.08"]
[Round "7.9"]
[White "Kremenietsky, Anatoly M"]
[Black "Van Den Berg, Ad"]
[Result "1-0"]
[WhiteElo "2353"]
[BlackElo "2204"]
[PlyCount "83"]
[EventDate "2007.??.??"]

1. d4 c5 2. d5 d6 3. e4 Nf6 4. Nc3 g6 5. Nf3 Bg7 6. Bb5+ Nfd7 7. a4 Na6 8. O-O
O-O 9. Re1 Nc7 10. Bf1 b6 11. Bf4 Ne5 12. h3 Bb7 13. Bxe5 dxe5 14. a5 Qd7 15.
Qd2 Rfd8 16. Qe3 Ba6 17. Bxa6 Nxa6 18. Qe2 Nc7 19. Red1 Rdb8 20. Qc4 Qd6 21.
axb6 axb6 22. Nb5 Nxb5 23. Qxb5 Bh6 24. b3 Rxa1 25. Rxa1 f5 26. Qe2 Rf8 27. Re1
Bg7 28. Nd2 Qb8 29. Nf3 Qd6 30. exf5 gxf5 31. Nxe5 Qxd5 32. Nf3 Bf6 33. Rd1 Qe4
34. Qd2 e6 35. Re1 Qc6 36. Qh6 Qd6 37. Ng5 Bxg5 38. Qxg5+ Kh8 39. Qh6 Re8 40.
Qf6+ Kg8 41. Re3 f4 42. Re5 1-0

[Event "7th European Individual Senior Champion."]
[Site "Hockenheim, Germany"]
[Date "2007.06.08"]
[Round "7.10"]
[White "Ljubarskij, Jurij"]
[Black "Sorensen, Bent"]
[Result "1-0"]
[WhiteElo "2301"]
[BlackElo "2258"]
[PlyCount "89"]
[EventDate "2007.??.??"]

1. d4 d5 2. Nf3 Nf6 3. c4 e6 4. Nc3 Bb4 5. e3 O-O 6. Qc2 c5 7. a3 Bxc3+ 8. Qxc3
Ne4 9. Qc2 cxd4 10. exd4 Nd7 11. Bd3 Ndf6 12. c5 b6 13. c6 b5 14. O-O Ba6 15.
Ng5 Rc8 16. Be3 Qd6 17. Rfc1 h6 18. Nxe4 dxe4 19. Bxe4 Bb7 20. Bf3 Nd5 21. Qc5
Qxc5 22. Rxc5 Bxc6 23. Rac1 Bb7 24. Rxb5 Rxc1+ 25. Bxc1 Rc8 26. Rc5 Kf8 27. Kf1
Ke7 28. Ke2 Kd6 29. b4 Rxc5 30. dxc5+ Kc6 31. h4 a5 32. Kd1 axb4 33. axb4 Kb5
34. Bd2 Bc6 35. Kc2 Ka4 36. Kb2 Be8 37. Bd1+ Kb5 38. Ka3 Kc4 39. Be2+ Kd4 40.
Bc1 Nc7 41. Bb2+ Ke4 42. Bxg7 Nb5+ 43. Bxb5 Bxb5 44. Bxh6 Kd3 45. Bg7 1-0

[Event "7th European Individual Senior Champion."]
[Site "Hockenheim, Germany"]
[Date "2007.06.08"]
[Round "7.11"]
[White "Rosen, Willy"]
[Black "Chernikov, Oleg L"]
[Result "0-1"]
[WhiteElo "2279"]
[BlackElo "2405"]
[PlyCount "84"]
[EventDate "2007.??.??"]

1. e4 c5 2. Nf3 g6 3. d4 cxd4 4. Nxd4 Nc6 5. Nb3 Bg7 6. Be2 d6 7. O-O Nf6 8.
Nc3 O-O 9. Re1 b6 10. Bf1 Bb7 11. Bg5 a5 12. a4 Nb4 13. f3 h6 14. Bh4 Nd7 15.
Rc1 Rc8 16. Nd4 Bf6 17. Bxf6 Nxf6 18. Ncb5 Nc6 19. c3 Qd7 20. Qd2 Kg7 21. Rcd1
Nb8 22. Qf2 Rfd8 23. g4 e5 24. Nc2 Rc6 25. Ne3 Qe7 26. Rd2 Na6 27. Bc4 Rcc8 28.
Bd5 Bxd5 29. Nxd5 Nxd5 30. Rxd5 Nc7 31. Rd2 Nxb5 32. axb5 Rc5 33. c4 Qc7 34.
Rc2 d5 35. exd5 Rdxd5 36. b3 Rd4 37. Rd2 Rxd2 38. Qxd2 a4 39. Qc3 axb3 40. Rc1
Qd6 41. Qxb3 Qd4+ 42. Kg2 Qd2+ 0-1

[Event "7th European Individual Senior Champion."]
[Site "Hockenheim, Germany"]
[Date "2007.06.08"]
[Round "7.12"]
[White "Estrada Martinez, Cesar"]
[Black "Uhlmann, Wolfgang"]
[Result "0-1"]
[WhiteElo "2208"]
[BlackElo "2419"]
[PlyCount "56"]
[EventDate "2007.??.??"]

1. Nf3 Nf6 2. c4 g6 3. g3 c5 4. Bg2 Nc6 5. Nc3 d6 6. O-O Bg7 7. d4 cxd4 8. Nxd4
Bd7 9. Nxc6 bxc6 10. e4 O-O 11. Bf4 Ng4 12. Qd2 Qa5 13. Rfc1 Rfe8 14. h3 Ne5
15. b3 c5 16. Rab1 Rab8 17. Kh2 Nc6 18. Nb5 Qxd2 19. Bxd2 Rec8 20. Bc3 Bh6 21.
Rd1 a6 22. Na3 Rc7 23. f4 Be8 24. e5 dxe5 25. Bxc6 Rxc6 26. Bxe5 Ra8 27. Nc2
Re6 28. Rd2 Rxe5 0-1

[Event "7th European Individual Senior Champion."]
[Site "Hockenheim, Germany"]
[Date "2007.06.08"]
[Round "7.13"]
[White "Loktiev, Ivan"]
[Black "Visser, Gerrit"]
[Result "1/2-1/2"]
[WhiteElo "2350"]
[BlackElo "2240"]
[PlyCount "46"]
[EventDate "2007.??.??"]

1. c4 g6 2. d4 c5 3. dxc5 Bg7 4. e3 Na6 5. Nf3 Nxc5 6. Be2 b6 7. O-O Bb7 8. Nd4
Nf6 9. b4 Ne6 10. Nxe6 fxe6 11. Bb2 O-O 12. Nd2 Qc7 13. Qb3 Ne4 14. Nxe4 Bxb2
15. Qxb2 Bxe4 16. Qd4 Bc6 17. c5 bxc5 18. Qxc5 Qb7 19. f3 d6 20. Qa5 Rf5 21.
Qa6 Qxa6 22. Bxa6 Bb5 23. Bxb5 Rxb5 1/2-1/2

[Event "7th European Individual Senior Champion."]
[Site "Hockenheim, Germany"]
[Date "2007.06.08"]
[Round "7.14"]
[White "Ljuboschitz, Alexander"]
[Black "Gruzmann, Boris"]
[Result "1/2-1/2"]
[WhiteElo "2234"]
[BlackElo "2309"]
[PlyCount "22"]
[EventDate "2007.??.??"]

1. e4 e5 2. Nf3 Nc6 3. Bc4 Nf6 4. d3 Bc5 5. O-O d6 6. Nc3 a6 7. Be3 O-O 8. Bxc5
dxc5 9. Nd5 Qd6 10. h3 Ne7 11. Nxe7+ Qxe7 1/2-1/2

[Event "7th European Individual Senior Champion."]
[Site "Hockenheim, Germany"]
[Date "2007.06.08"]
[Round "7.15"]
[White "Neese, Hans-Joachim"]
[Black "Fomina, Tatyana"]
[Result "1-0"]
[WhiteElo "2287"]
[BlackElo "2231"]
[PlyCount "103"]
[EventDate "2007.??.??"]

1. d4 d5 2. Nf3 Nc6 3. Bf4 Bg4 4. e3 e6 5. c4 Nf6 6. Nc3 Bb4 7. Qb3 Bxf3 8.
gxf3 O-O 9. a3 Bxc3+ 10. Qxc3 dxc4 11. Qxc4 Nd5 12. Bg3 h5 13. h4 Qf6 14. f4
Nce7 15. Rd1 Nf5 16. Rd3 Rad8 17. Bg2 Rd6 18. Qb3 Rb6 19. Qc2 c5 20. e4 c4 21.
Qxc4 Nxg3 22. fxg3 Rxb2 23. O-O Ne7 24. Qc1 Rb6 25. Rfd1 Qg6 26. Qc5 Re8 27.
Kh2 Kf8 28. a4 Rc8 29. Qa3 Ke8 30. Rc1 Rxc1 31. Qxc1 f5 32. e5 Kf8 33. Rc3 Qe8
34. a5 Rb4 35. Rc7 b6 36. Rxa7 bxa5 37. Qc5 Rb2 38. Qa3 Rc2 39. Qd6 Kf7 40. Kh3
Rd2 41. Bf3 Rd3 42. Bxh5+ g6 43. Bxg6+ Kxg6 44. Qxe6+ Kh5 45. Rxe7 Qg6 46.
Qxg6+ Kxg6 47. Re6+ Kh5 48. Rf6 a4 49. Rxf5+ Kg6 50. Rf6+ Kh5 51. Ra6 a3 52. d5
1-0

[Event "7th European Individual Senior Champion."]
[Site "Hockenheim, Germany"]
[Date "2007.06.08"]
[Round "7.16"]
[White "Minz, Michael"]
[Black "Fronczek, Heinrich"]
[Result "0-1"]
[WhiteElo "2159"]
[BlackElo "2285"]
[PlyCount "149"]
[EventDate "2007.??.??"]

1. e4 c5 2. Nc3 e6 3. f4 a6 4. Nf3 d5 5. g3 Nc6 6. d3 d4 7. Nb1 Nf6 8. h3 Nh5
9. g4 Ng3 10. Rg1 Nxf1 11. Kxf1 Be7 12. a4 Rb8 13. Na3 b5 14. axb5 axb5 15. b3
O-O 16. Qe2 f5 17. gxf5 exf5 18. e5 Nb4 19. Bd2 Nd5 20. Nb1 b4 21. Qg2 g6 22.
h4 Rb6 23. h5 Bb7 24. Qh3 Qe8 25. Ke2 Kh8 26. Ra7 gxh5 27. Kf2 Qb8 28. Ra5 Rg6
29. Rh1 Qc7 30. Qxh5 Rg7 31. Ra2 Qc6 32. Rh2 Rfg8 33. Ra7 Qb6 34. Ra2 c4 35.
bxc4 Ne3 36. Ng5 Bxg5 37. fxg5 Ng4+ 38. Ke1 Nxh2 39. Qxh2 Qc6 40. Bf4 Rxg5 41.
Bxg5 Rxg5 42. Nd2 Qg6 43. Nf1 Rg4 44. e6 Qxe6+ 45. Kd1 b3 46. Ra7 Bf3+ 47. Kc1
Qe1+ 48. Kb2 Qc3+ 49. Kc1 Qxc2+ 50. Qxc2 bxc2 51. Kxc2 Be2 52. Nd2 Rg3 53. Ra3
h5 54. c5 Rg6 55. Nb3 Bg4 56. Nxd4 f4 57. Kd2 h4 58. Ra1 h3 59. Rh1 Ra6 60. c6
Ra2+ 61. Kc3 Kg7 62. Nb5 f3 63. c7 f2 64. Nd6 Ra7 65. c8=Q Bxc8 66. Nxc8 Rc7+
67. Kd2 Rxc8 68. Ke2 Rc2+ 69. Kf3 Kf6 70. Rf1 h2 71. Kg2 Ke5 72. Kxh2 Kf4 73.
Kg2 Ke3 74. Rh1 Rc7 75. Ra1 0-1

[Event "7th European Individual Senior Champion."]
[Site "Hockenheim, Germany"]
[Date "2007.06.08"]
[Round "7.17"]
[White "Rosino, Antonio"]
[Black "Krieger, Hermann"]
[Result "0-1"]
[WhiteElo "2275"]
[BlackElo "2223"]
[PlyCount "68"]
[EventDate "2007.??.??"]

1. e4 c5 2. Nf3 g6 3. c3 Bg7 4. d4 cxd4 5. cxd4 d6 6. Bc4 Nf6 7. Nc3 O-O 8. Bb3
Nc6 9. h3 b6 10. O-O Bb7 11. Be3 e5 12. Re1 h6 13. Qd2 Kh7 14. Rad1 Qe7 15. Nd5
Nxd5 16. Bxd5 Rac8 17. Rc1 Rfd8 18. Rc3 Na5 19. Rec1 Rxc3 20. Rxc3 Bxd5 21.
exd5 e4 22. Ne1 f5 23. Nc2 Rd7 24. Nb4 Qf7 25. Rc8 Nb7 26. Nc6 Qxd5 27. Nxa7
Na5 28. b4 Nc4 29. Qc2 Nxe3 30. fxe3 Rxa7 31. a4 f4 32. exf4 Qxd4+ 33. Kh1 e3
34. f5 Qa1+ 0-1

[Event "7th European Individual Senior Champion."]
[Site "Hockenheim, Germany"]
[Date "2007.06.08"]
[Round "7.18"]
[White "Fatalibekova, Elena"]
[Black "Jadrijevic, Ante"]
[Result "1-0"]
[WhiteElo "2273"]
[BlackElo "2213"]
[PlyCount "72"]
[EventDate "2007.??.??"]

1. e4 e6 2. d4 d5 3. Nc3 Bb4 4. e5 Qd7 5. Nge2 b6 6. Nf4 Ba6 7. Bxa6 Nxa6 8.
O-O c5 9. Nce2 c4 10. c3 Bf8 11. b4 cxb3 12. axb3 Nb8 13. c4 Ne7 14. cxd5 exd5
15. Ba3 Nbc6 16. Ng3 Ng6 17. Bxf8 Nxf8 18. Nfh5 Rg8 19. f4 O-O-O 20. f5 h6 21.
Qd3 Kb7 22. Rfc1 Nh7 23. e6 fxe6 24. fxe6 Qxe6 25. Qxh7 Qe3+ 26. Kh1 Nxd4 27.
Nf1 Qf2 28. Rd1 Nxb3 29. Rab1 Nd4 30. Qd3 Ne2 31. Nfg3 Rge8 32. Rf1 Nxg3+ 33.
Nxg3 Qe3 34. Qg6 Rd7 35. Nf5 Qe6 36. Qg3 Qe5 1-0

[Event "7th European Individual Senior Champion."]
[Site "Hockenheim, Germany"]
[Date "2007.06.08"]
[Round "7.19"]
[White "Ivanets, Vladimir"]
[Black "Bounianer, Wladimir"]
[Result "1-0"]
[WhiteElo "2261"]
[BlackElo "2183"]
[PlyCount "46"]
[EventDate "2007.??.??"]

1. b4 e5 2. Bb2 Bxb4 3. Bxe5 Nf6 4. e3 Nc6 5. Bb2 O-O 6. a3 Be7 7. c4 d5 8. Nf3
Bg4 9. Be2 dxc4 10. Bxc4 Ne4 11. Be2 Bf6 12. d4 Na5 13. Nc3 Nxc3 14. Bxc3 c5
15. Rc1 cxd4 16. Nxd4 Bxe2 17. Qxe2 Bxd4 18. Bxd4 Nb3 19. Rc4 Nxd4 20. Rxd4
Qa5+ 21. Qd2 Qxa3 22. O-O a5 23. Rd3 Qb4 {rest der partie unleserlich} 1-0

[Event "7th European Individual Senior Champion."]
[Site "Hockenheim, Germany"]
[Date "2007.06.08"]
[Round "7.20"]
[White "Karl, Hans"]
[Black "Kuznetsova, Luba"]
[Result "1/2-1/2"]
[WhiteElo "2251"]
[BlackElo "2064"]
[PlyCount "166"]
[EventDate "2007.??.??"]

1. d4 Nf6 2. c4 c5 3. d5 d6 4. Nc3 e5 5. e4 g6 6. Bd3 Bg7 7. Bg5 h6 8. Bd2 Na6
9. Nge2 Bd7 10. Ng3 Nc7 11. Qe2 a6 12. a4 Rb8 13. h3 O-O 14. O-O Nh7 15. f4 Qh4
16. Be1 Qe7 17. f5 Nf6 18. Bd2 Kh7 19. Rab1 Rg8 20. Be3 Rgf8 21. b4 b6 22. Rb2
Rfc8 23. Qf2 Nce8 24. Rfb1 Qd8 25. Rb3 h5 26. Qd2 h4 27. Nf1 Nh5 28. Nh2 Nf4
29. Ng4 g5 30. Bf1 Nf6 31. Qb2 Ra8 32. bxc5 bxc5 33. Rb7 Nxg4 34. hxg4 Bf8 35.
Bd2 Kg7 36. Qb3 Be8 37. Nd1 Kf6 38. Ne3 Be7 39. a5 Bd7 40. Bc3 Kg7 41. Nc2 Be8
42. Ne1 Bd7 43. Nf3 Kh6 44. Rb2 Be8 45. Be1 Bf6 46. Qb6 Kg7 47. Qb3 Bd7 48. Nd2
Qe8 49. Qb6 Be7 50. Nf3 Ba4 51. Bc3 Bd1 52. f6+ Bxf6 53. Qxd6 Bxf3 54. gxf3 h3
55. R2b6 Bd8 56. Qxe5+ Qxe5 57. Bxe5+ Kg8 58. Rh6 Ng6 59. Bc3 Rab8 60. Rxb8
Rxb8 61. Rxh3 Rb3 62. f4 gxf4 63. e5 Kf8 64. Rd3 Ke8 65. Kg2 Ra3 66. Kf3 Bxa5
67. Bb2 Ra2 68. Rb3 Bb4 69. Bd3 a5 70. Bb1 Rxb2 71. Rxb2 Nxe5+ 72. Kxf4 Nxc4
73. Re2+ Kd7 74. Bd3 Nb6 75. Ke5 Bc3+ 76. Ke4 Kd6 77. Rc2 Bb4 78. Bc4 a4 79.
Ba2 a3 80. Rf2 Ke7 81. g5 Nc8 82. Rf3 Nd6+ 83. Kd3 Kd7 1/2-1/2

[Event "7th European Individual Senior Champion."]
[Site "Hockenheim, Germany"]
[Date "2007.06.08"]
[Round "7.21"]
[White "Dotan, Valeria"]
[Black "Bakhmatov, Eduard"]
[Result "1/2-1/2"]
[WhiteElo "2075"]
[BlackElo "2351"]
[PlyCount "55"]
[EventDate "2007.??.??"]

1. Nf3 Nf6 2. c4 d6 3. Nc3 e5 4. e4 c6 5. d4 Nbd7 6. Be2 Be7 7. O-O O-O 8. Re1
Re8 9. Be3 Bf8 10. d5 Ng4 11. Bc1 Qb6 12. Rf1 Nc5 13. h3 Nf6 14. Qc2 cxd5 15.
cxd5 Bd7 16. Be3 Rec8 17. Nd2 Qd8 18. Qd1 Be7 19. b4 Nd3 20. Bxd3 Rxc3 21. Qe2
Qc8 22. Nb1 Rc7 23. Na3 Ne8 24. Nb5 Bxb5 25. Bxb5 Rc2 26. Rfc1 Rxe2 27. Rxc8
Rxc8 28. Bxe2 1/2-1/2

[Event "7th European Individual Senior Champion."]
[Site "Hockenheim, Germany"]
[Date "2007.06.08"]
[Round "7.22"]
[White "Arkhangelsky, Boris"]
[Black "Bondick, Karl-Heinz"]
[Result "1-0"]
[WhiteElo "2355"]
[BlackElo "2158"]
[PlyCount "77"]
[EventDate "2007.??.??"]

1. c4 e5 2. Nc3 Nf6 3. Nf3 Nc6 4. g3 d5 5. cxd5 Nxd5 6. Bg2 Nde7 7. O-O Nf5 8.
b4 Bxb4 9. Nxe5 Qd6 10. Nxc6 bxc6 11. Qa4 Bd7 12. a3 Bxc3 13. dxc3 O-O 14. e4
Ne7 15. Rd1 Qe6 16. Bf4 Rfe8 17. Qa5 c5 18. Qxc5 Bc6 19. Qe5 Ng6 20. Qxe6 fxe6
21. Be3 a5 22. f4 Rab8 23. Rab1 Rbd8 24. Rxd8 Rxd8 25. Kf2 e5 26. f5 Ne7 27. g4
Kf7 28. Ke2 h6 29. h4 h5 30. g5 Nxf5 31. exf5 Bxg2 32. g6+ Kg8 33. Rb5 Bh3 34.
Rxe5 a4 35. Bd4 Kf8 36. Bc5+ Kg8 37. Re7 Bxf5 38. Bd4 c5 39. Be5 1-0

[Event "7th European Individual Senior Champion."]
[Site "Hockenheim, Germany"]
[Date "2007.06.08"]
[Round "7.23"]
[White "Kripp, Wolfgang"]
[Black "Onoprienko, Vladimir"]
[Result "0-1"]
[WhiteElo "2146"]
[BlackElo "2342"]
[PlyCount "102"]
[EventDate "2007.??.??"]

1. e4 c6 2. d4 d5 3. f3 g6 4. c3 Bg7 5. Be3 dxe4 6. fxe4 Nf6 7. Nd2 e5 8. Ngf3
exd4 9. cxd4 O-O 10. Bc4 Ng4 11. Bg1 Nd7 12. h3 Ngf6 13. Bh2 Qe7 14. Qc2 Nb6
15. Bb3 Be6 16. Bxe6 Qxe6 17. O-O Rad8 18. Bc7 Rd7 19. Bxb6 axb6 20. e5 Nd5 21.
Rae1 h6 22. Qb3 c5 23. dxc5 bxc5 24. Nc4 Nf4 25. Re3 Qc6 26. a4 Rfd8 27. Ne1
Ne6 28. Qb5 Qd5 29. Nb6 Qd2 30. Re2 Qd4+ 31. Kh1 Re7 32. Nf3 Qb4 33. Nc4 Nf4
34. Re3 Rd3 35. Rfe1 Red7 36. e6 Nxe6 37. Qxb4 cxb4 38. Nfe5 Rxe3 39. Rxe3 Rd1+
40. Kh2 Nc5 41. a5 b3 42. Nf3 Kf8 43. Nce5 Rd5 44. Nc4 Bf6 45. Ncd2 Bxb2 46.
Nxb3 Ne6 47. Re2 Ba3 48. Rd2 Rb5 49. Rd3 Bb4 50. Nfd4 Nxd4 51. Rxd4 Bc3 0-1

[Event "7th European Individual Senior Champion."]
[Site "Hockenheim, Germany"]
[Date "2007.06.08"]
[Round "7.24"]
[White "Kaminik, Aleksandar"]
[Black "Kock, Hans-Uwe"]
[Result "1/2-1/2"]
[WhiteElo "2314"]
[BlackElo "2137"]
[PlyCount "116"]
[EventDate "2007.??.??"]

1. d4 Nf6 2. c4 g6 3. Nc3 Bg7 4. e4 d6 5. f3 O-O 6. Be3 e5 7. Nge2 a5 8. Qd2
Na6 9. d5 Bd7 10. g4 Nc5 11. Ng3 Ne8 12. O-O-O f5 13. gxf5 gxf5 14. Bg5 Bf6 15.
Bh6 Bg7 16. Rg1 Kh8 17. Nh5 Rg8 18. Nxg7 Nxg7 19. Rg5 Qf6 20. Rg1 f4 21. Bg5
Qf7 22. Qf2 Nh5 23. Be2 Ng3 24. hxg3 Rxg5 25. g4 Rag8 26. Rh1 R8g7 27. Rh6 R5g6
28. Rh5 Rg5 29. Rdh1 Rxh5 30. Rxh5 Qf6 31. Qh2 Be8 32. Qh4 Qxh4 33. Rxh4 Kg8
34. Kc2 Kf7 35. b3 Kg6 36. a3 Kg5 37. Rh1 h5 38. gxh5 Bxh5 39. b4 axb4 40. axb4
Na6 41. Kb3 Be8 42. Rh8 Bd7 43. c5 dxc5 44. Bxa6 cxb4 45. Bb5 bxc3 46. Bxd7
Rxd7 47. Re8 Kh4 48. Rxe5 Kg3 49. Kxc3 Kxf3 50. Re8 c6 51. Kd4 cxd5 52. exd5
Kf2 53. Ke5 f3 54. Ke6 Rh7 55. d6 Kg1 56. d7 Rxd7 57. Kxd7 f2 58. Rg8+ Kh2
1/2-1/2

[Event "7th European Individual Senior Champion."]
[Site "Hockenheim, Germany"]
[Date "2007.06.08"]
[Round "7.26"]
[White "Semmler, Guenter"]
[Black "Bogorads, Mihails"]
[Result "0-1"]
[WhiteElo "2030"]
[BlackElo "2245"]
[PlyCount "124"]
[EventDate "2007.??.??"]

1. Nf3 c5 2. c4 Nc6 3. d4 cxd4 4. Nxd4 g6 5. e4 Bg7 6. Nb3 d6 7. Be2 a5 8. a4
Be6 9. O-O Nf6 10. Nc3 O-O 11. Be3 Nd7 12. Nd4 Nxd4 13. Bxd4 Bxd4 14. Qxd4 Qb6
15. Qxb6 Nxb6 16. b3 Nd7 17. Bd3 Nc5 18. Bc2 Rac8 19. Rfe1 Na6 20. Rad1 Rfd8
21. Bb1 Kf8 22. Re3 Nc5 23. Nb5 Bd7 24. Nd4 Bc6 25. Bc2 e5 26. Ne2 Ke7 27. f3
f6 28. Ng3 Ne6 29. Ne2 h5 30. Red3 h4 31. R3d2 Rd7 32. Kf2 Rf8 33. Ke3 f5 34.
exf5 gxf5 35. g3 hxg3 36. hxg3 f4+ 37. gxf4 Nxf4 38. Nxf4 Rxf4 39. Be4 Rf6 40.
Rh1 Kd8 41. Rh3 Kc7 42. Rg2 Kb6 43. Kd3 Rdf7 44. Bxc6 bxc6 45. Rgg3 Kc5 46. Kc3
Rf4 47. Kd3 Kb4 48. Kc2 R4f6 49. Kb2 Rf4 50. Kc2 Ka3 51. Rg6 Rd4 52. Rg1 Kb4
53. Re1 Rg7 54. Rh2 Rg3 55. Rf2 e4 56. Re3 Rh3 57. Rc3 Rh1 58. Re3 Ra1 59. Kb2
Rdd1 60. fxe4 Ra3 61. Rf6 Rda1 62. Kc2 R3a2+ 0-1